000 00289nam a2200121Ia 4500
005 20251222142007.0
008 251222s9999||||xx |||||||||||||| ||spa||
082 _a370.1/H83
100 _aHuamán V., Miguel Ángel
245 0 _aEducación y Literatura
264 _bMantaro
942 _cLIB
999 _c10204
_d10204